000 00215nam a2200109Ia 4500
100 _a#N/A
942 _cBK
245 _aUbuntu 14.04 LTS; kUBUNTU ; LUBUNTU dvds
260 _b#N/A
546 _aENGLISH
999 _c33929
_d33929